| 000 | 00477nam a2200145Ia 4500 | ||
|---|---|---|---|
| 008 | 260210s9999 xx 000 0 und d | ||
| 024 | _a18B-032-CS, 18B-070-CS, 17B-092-CS & 17B-109-CS | ||
| 082 | _a005.072 HAB | ||
| 100 | _aNiha Habib, Asma Amin, Syed Abbas Ali Rizvi & Muhammad Bilal | ||
| 110 | _aMiss Naveen Zehra | ||
| 245 | 0 | _aIntelligent interview bot | |
| 260 |
_aKarachi: _bUITU, _c2018 |
||
| 600 | _aComputer Science | ||
| 650 | _aBachelor of Engineering (BE) | ||
| 999 |
_c32489 _d32489 |
||